000 00604nam a2200241Ia 4500
003 OSt
005 20220924145853.0
006 a|||||r|||| 00| 0
007 ta
008 220923b |||||||| |||| 00| 0 tel d
020 _c7.00
024 _a330585
037 _cTextual
040 _aARTS
_cARTS
_btel
041 _2tel
_atel
082 _aO152,3N20,1, 35J8
100 _aChandar Kishon
_9220710
245 0 _aVayugundam
260 _c1958
650 _aHINDI LITERATURE
_923866
942 _hO152,3N20,1, 35J8
_cTEXL
_2CC
999 _c461387
_d461387